[Event "It (open)"]
[Site "masterchessopen.com – Helsinki (Finland)"]
[Round "1"]
[White "Kopsa Petri (FIN)"]
[Black "Sturua Zurab (GEO)"]
[Result "0-1"]
[WhiteElo "2076"]
[BlackElo "2545"]

1.d4 Nf6 2.c4 e6 3.Nf3 b6 4.e3 Bb7 5.Bd3 c5 6.O-O Be7 7.Nc3 cxd4 8.exd4 d6
9.Re1 O-O 10.Bf4 Re8 11.Rc1 Bf8 12.h3 a6 13.Ng5 Nbd7 14.Nge4 Qb8 15.Nxf6+ Nxf6
16.Qb3 Qd8 17.Bg5 Be7 18.Na4 Rb8 19.Qxb6 Qd7 20.Qa5 Bd8 21.Nb6 Qc6 22.Be4 Qxb6
23.Qxb6 Bxb6 24.Bxb7 Rxb7 25.c5 Bc7 {#R} 0-1

[Event "It (open)"]
[Site "masterchessopen.com – Munich (Germany)"]
[Round "0"]
[White "Bachmayr Peter (GER)"]
[Black "Stangl Markus (GER)"]
[Result "0-1"]
[WhiteElo "2344"]
[BlackElo "2475"]

1.d4 Nf6 2.Nf3 e6 3.c4 b6 4.e3 Bb7 5.Bd3 d5 6.O-O Nbd7 7.b3 Bd6 8.Bb2 O-O
9.Nc3 a6 10.Rc1 Ne4 11.Qc2 f5 12.Na4 dxc4 13.bxc4 Bc6 14.Rfd1 Qe8 15.Be2 Ne5
16.Nc3 Nxc3 17.Qxc3 Nxf3+ 18.Bxf3 Bxf3 19.gxf3 Qh5 20.c5 Qh3 {#R} 0-1

[Event "Memorial S.Reshevsky"]
[Site "masterchessopen.com – New York (USA)"]
[Round "0"]
[White "Wolff Patrick G (USA)"]
[Black "Moskow Eric (USA)"]
[Result "1-0"]
[WhiteElo "2590"]
[BlackElo "2177"]

1.Nf3 Nf6 2.c4 e6 3.e3 b6 4.d4 Bb7 5.Bd3 Bb4+ 6.Nbd2 O-O 7.O-O c5 8.Nb3 cxd4
9.exd4 Be7 10.Re1 d5 11.c5 Nbd7 12.cxb6 Qxb6 13.Ne5 Ba6 14.Bb1 Rfc8 15.Bg5 Rc7
16.Re3 Qd6 17.Rh3 Nxe5 18.Bf4 Qb4 19.Bxe5 Rc6 20.Bxh7+ {#r} 1-0

[Event "It (open)"]
[Site "masterchessopen.com – Copenhagen (Denmark)"]
[Round "10"]
[White "Olsen Heini (FAI)"]
[Black "Marcussen Anders"]
[Result "1-0"]
[WhiteElo "2350"]
[BlackElo "2110"]

1.d4 Nf6 2.c4 e6 3.Nf3 b6 4.e3 Bb7 5.Bd3 Bb4+ 6.Nbd2 Ne4 7.O-O f5 8.Qc2 Bxd2
9.Nxd2 Qh4 10.f3 Nxd2 11.Bxd2 O-O 12.Bc3 d6 13.d5 Qg5 14.dxe6 Qxe3+ 15.Rf2
Qxe6 16.Re1 Qf7 17.g4 Bc8 18.gxf5 Bxf5 19.Rg2 g6 20.Bxf5 Qxf5 21.Re7 Qxc2
22.Rg7+ Kh8 23.Rxc2 Rf5 24.Rxg6+ Re5 25.Rgg2 {#r} 1-0

[Event "It (open)"]
[Site "masterchessopen.com – Dortmund (Germany)"]
[Round "11"]
[White "Blecken Volker (GER)"]
[Black "Bebchuk Evgeni (RUS)"]
[Result "0-1"]
[WhiteElo "2298"]
[BlackElo "2308"]

1.d4 Nf6 2.Nf3 e6 3.c4 b6 4.e3 Bb7 5.Bd3 d5 6.O-O Bd6 7.Nc3 O-O 8.b3 Nbd7
9.Bb2 a6 10.a4 c5 11.Rc1 Ne4 12.dxc5 Ndxc5 13.Bb1 f5 14.Ne2 dxc4 15.bxc4 Qc7
16.Nf4 Rad8 17.Qe2 Bxf4 18.exf4 Qxf4 19.Be5 Qg4 20.h3 Qh5 21.Qe3 Rd7 22.Bc2 f4
23.Qxf4 Rdf7 24.Bxe4 Bxe4 25.g4 Qxh3 26.Nh2 Qg2# 0-1

[Event "It (open)"]
[Site "masterchessopen.com – Hamburg (Germany)"]
[Round "8"]
[White "Hermesmann Hans (GER)"]
[Black "Dabrowska Krystyna (POL)"]
[Result "0-1"]
[WhiteElo "2298"]
[BlackElo "2208"]

1.d4 Nf6 2.c4 e6 3.Nf3 b6 4.e3 Bb7 5.Bd3 Be7 6.O-O c5 7.Nc3 cxd4 8.exd4 O-O
9.d5 h6 10.Bc2 Qc7 11.Qe2 Rc8 12.dxe6 dxe6 13.b3 a6 14.Bb2 Nbd7 15.Rad1 b5
16.Nd4 Bb4 17.Ne4 bxc4 18.Nxe6 fxe6 19.Rxd7 Nxd7 20.Bxg7 Kxg7 21.Qg4+ Kh8
22.Qh5 Qf4 23.g3 Rg8 {#R} 0-1

[Event "Ch Hungary (team) 1993/94"]
[Site "masterchessopen.com – Hungary"]
[Round "0"]
[White "Kovacs Attila (HUN)"]
[Black "Simo Judit (HUN)"]
[Result "1-0"]
[WhiteElo "2365"]
[BlackElo "2011"]

1.d4 Nf6 2.Nf3 e6 3.c4 b6 4.e3 Bb7 5.Bd3 Ne4 6.O-O Be7 7.Nc3 f5 8.Bxe4 fxe4
9.Nd2 d5 10.Qh5+ g6 11.Qe5 Kf7 12.f3 Nd7 13.fxe4+ Bf6 14.Qf4 Kg7 15.e5 Bg5
16.Qf7+ Kh6 17.Nf3 {#r} 1-0

[Event "It (open) \"]
[Site "masterchessopen.com – Berlin (Germany)"]
[Round "0"]
[White "Mattick Lutz (GER)"]
[Black "Levin Felix (GER)"]
[Result "0-1"]
[WhiteElo "2257"]
[BlackElo "2480"]

1.d4 Nf6 2.Nf3 e6 3.c4 b6 4.e3 Bb7 5.Bd3 d5 6.O-O dxc4 7.Bxc4 Nbd7 8.Nc3 a6
9.d5 exd5 10.Nxd5 b5 11.Bb3 Nc5 12.e4 Nxb3 13.Nxf6+ Qxf6 14.Qxb3 c5 15.a4 c4
16.Qc2 Bc5 17.axb5 axb5 18.Rxa8+ Bxa8 19.b3 c3 20.Qd3 O-O 21.Qxb5 Rc8 22.Bg5
Qc6 23.Qa5 h6 24.Bf4 Qxe4 25.Bb8 c2 {#R} 0-1

[Event "It (b)"]
[Site "masterchessopen.com – Budapest (Hungary)"]
[Round "7"]
[White "Remling Christian (GER)"]
[Black "Vojinovic Goran (SRB)"]
[Result "0-1"]
[WhiteElo "2305"]
[BlackElo "2420"]

1.d4 Nf6 2.c4 e6 3.Nf3 b6 4.e3 Bb7 5.Bd3 c5 6.O-O Be7 7.Nc3 d6 8.d5 exd5
9.cxd5 O-O 10.e4 a6 11.a4 Re8 12.Nd2 Nbd7 13.f4 Bf8 14.Qf3 Rb8 15.Nc4 b5
16.axb5 axb5 17.Nxb5 Nb6 18.b3 Nbxd5 19.exd5 Bxd5 20.Qd1 Rxb5 21.Nxd6 Bxb3
22.Qd2 c4 23.Nxe8 Qxe8 24.Bb1 Bb4 {#R} 0-1

[Event "Bundesliga (2nd) North 1993/94"]
[Site "masterchessopen.com – Germany"]
[Round "0"]
[White "Mattick Lutz (GER)"]
[Black "Lanzendoerfer Johannes (GER)"]
[Result "1-0"]
[WhiteElo "2257"]
[BlackElo "2207"]

1.d4 Nf6 2.Nf3 e6 3.c4 b6 4.e3 Bb7 5.Bd3 Be7 6.O-O O-O 7.Nc3 d5 8.b3 c5 9.Bb2
cxd4 10.exd4 Nc6 11.Qe2 Nb4 12.Rad1 Nxd3 13.Rxd3 dxc4 14.bxc4 Bxf3 15.Rxf3 Rc8
16.d5 exd5 17.Nxd5 Re8 18.Rg3 Kh8 19.Qd3 Rc6 20.Rd1 Rd6 21.Be5 Rd7 22.Qf5 Qc8
23.Qg5 Rg8 24.Re1 h6 25.Nxf6 Bxf6 26.Bxf6 {#r} 1-0

[Event "It (open)"]
[Site "masterchessopen.com – Hospitalet de Llobregat (Spain)"]
[Round "5"]
[White "Kindl Peter (GER)"]
[Black "Marin Mihail (ROM)"]
[Result "1-0"]
[WhiteElo "2340"]
[BlackElo "2520"]

1.d4 Nf6 2.Nf3 e6 3.c4 b6 4.e3 Bb7 5.Bd3 Be7 6.O-O O-O 7.Nc3 d5 8.b3 c5 9.Bb2
cxd4 10.Nxd4 Nc6 11.Nxc6 Bxc6 12.cxd5 exd5 13.Rc1 Bb7 14.Qe2 Bc5 15.Rfd1 Qe7
16.Nb5 a5 17.Nd4 g6 18.Qf3 Ne4 19.Bxe4 dxe4 20.Nf5 {#r} 1-0

[Event "It"]
[Site "masterchessopen.com – Iraklion (Greece)"]
[Round "3"]
[White "Vragoteris Antonios (GRE)"]
[Black "Rajkovic Dusan (SRB)"]
[Result "0-1"]
[WhiteElo "2247"]
[BlackElo "2505"]

1.d4 Nf6 2.c4 e6 3.Nf3 b6 4.e3 Bb7 5.Bd3 Bb4+ 6.Nbd2 O-O 7.a3 Bxd2+ 8.Bxd2 Ne4
9.O-O f5 10.Bc1 Rf6 11.Nd2 Rh6 12.Nxe4 fxe4 13.Be2 Qh4 14.h3 Nc6 15.f4 exf3
16.Bxf3 Qg3 17.Kh1 Rf8 18.e4 Rh4 19.Be3 Na5 20.Bg1 Nxc4 21.Rc1 Rxh3+ 22.gxh3
Qxh3+ 23.Bh2 Ne3 24.Qe2 Nxf1 {#R} 0-1

[Event "It (open) \"]
[Site "masterchessopen.com – Switzerland"]
[Round "6"]
[White "Van Boltaringen Erwin (SUI)"]
[Black "Hanouna Dan (SUI)"]
[Result "0-1"]
[WhiteElo "1971"]
[BlackElo "2101"]

1.d4 e6 2.c4 Nf6 3.Nf3 b6 4.e3 Bb7 5.Bd3 c5 6.O-O Qc7 7.Nc3 d6 8.e4 cxd4
9.Nxd4 Nc6 10.Ndb5 Qd7 11.f4 a6 12.Na3 Nb4 13.Bb1 Qc6 14.Re1 Be7 15.Qe2 Rc8
16.Kh1 O-O 17.e5 dxe5 18.fxe5 Nd7 19.Be4 Qc7 20.Bxb7 Qxb7 21.Qg4 Nd3 22.Bh6
Nf2+ {#R} 0-1

[Event "Match (team)"]
[Site "masterchessopen.com – Algarve (Portugal)"]
[Round "3"]
[White "Sebih Kamel (ALG)"]
[Black "De Haro Martim (BRA)"]
[Result "0-1"]
[WhiteElo "2360"]
[BlackElo "2058"]

1.d4 Nf6 2.c4 e6 3.Nf3 b6 4.e3 Bb7 5.Bd3 Be7 6.O-O O-O 7.Qe2 d5 8.Nc3 c5 9.Rd1
Nbd7 10.b3 Qc7 11.Bb2 Rac8 12.cxd5 exd5 13.Rac1 Rfe8 14.Bf5 Rcd8 15.Na4 Bc6
16.dxc5 Nxc5 17.Nxc5 bxc5 18.Bxf6 Bxf6 19.Rxc5 d4 20.e4 Qb6 21.Qc2 Bb7 22.Rc1
g6 23.Bg4 d3 24.Qc4 d2 25.Rd1 Rxe4 26.Rb5 Rxc4 {#R} 0-1

[Event "n) (b"]
[Site "masterchessopen.com – Balatonbereny (Hungary)"]
[Round "1"]
[White "Mullon Jean-Baptiste (FRA)"]
[Black "Sziraki Tamas (HUN)"]
[Result "0-1"]
[WhiteElo "2379"]
[BlackElo "2255"]

1.d4 Nf6 2.c4 e6 3.Nf3 b6 4.e3 Bb7 5.Bd3 d5 6.O-O dxc4 7.Bxc4 a6 8.b3 c5 9.Ba3
Nbd7 10.Qe2 b5 11.Bd3 Qb6 12.Nbd2 c4 13.bxc4 Bxa3 14.cxb5 axb5 15.Bxb5 O-O
16.Rfb1 Ba6 17.e4 Bxb5 18.Rxb5 Qc7 19.e5 Nd5 20.Rb3 Rfb8 21.Nc4 Be7 22.Rab1
Nc3 23.Rxb8+ Nxb8 {#R} 0-1

[Event "Ch Russia (club)"]
[Site "masterchessopen.com – Briansk (Russia)"]
[Round "1"]
[White "Shestoperov Aleksej (RUS)"]
[Black "Vilkov Vladimir (RUS)"]
[Result "1-0"]
[WhiteElo "2435"]
[BlackElo "2367"]

1.d4 Nf6 2.c4 e6 3.Nf3 b6 4.e3 Bb7 5.Bd3 d5 6.O-O Nbd7 7.cxd5 exd5 8.Nc3 Be7
9.b3 O-O 10.Bb2 a6 11.Ne2 Ne4 12.Rc1 Bd6 13.Ne5 Re8 14.Qc2 Qe7 15.Ng3 Nxg3
16.Bxh7+ Kh8 17.hxg3 Nf8 18.Bf5 g6 19.Bd3 Kg7 20.Rce1 Qg5 21.e4 Ne6 22.exd5
Bxd5 23.Be4 Nxd4 24.Nf3 Be5 25.Nxd4 Rh8 26.Nf3 {#r} 1-0

[Event "It (open)"]
[Site "masterchessopen.com – Graz (Austria)"]
[Round "2"]
[White "Dizdar Goran (CRO)"]
[Black "Pfaffel Thomas (AUT)"]
[Result "1-0"]
[WhiteElo "2535"]
[BlackElo "2199"]

1.d4 Nf6 2.Nf3 b6 3.c4 e6 4.e3 Bb7 5.Bd3 d5 6.O-O Be7 7.b3 O-O 8.Bb2 c5 9.Nc3
Nc6 10.Rc1 Rc8 11.Qe2 Re8 12.Rfd1 cxd4 13.exd4 g6 14.Qe3 Bf8 15.h3 Qe7 16.Ne5
Red8 17.Nb5 a6 18.Ba3 Qe8 19.Bxf8 Qxf8 20.Nc3 Nd7 21.Nxd7 Rxd7 22.Na4 Qd8
23.c5 bxc5 24.Nxc5 {#r} 1-0

[Event "Ch Hungary (team)"]
[Site "masterchessopen.com – Hungary"]
[Round "0"]
[White "Balogh Bela (HUN)"]
[Black "Sziraki Tamas (HUN)"]
[Result "0-1"]
[WhiteElo "2220"]
[BlackElo "2255"]

1.d4 Nf6 2.c4 e6 3.Nf3 b6 4.e3 Bb7 5.Bd3 d5 6.O-O dxc4 7.Bxc4 a6 8.Qe2 c5
9.Rd1 cxd4 10.Nxd4 Nbd7 11.Nc3 b5 12.Bxe6 fxe6 13.Nxe6 Qb6 14.Nf4 Bc5 15.b3
O-O 16.Bb2 Rae8 17.Ncd5 Nxd5 18.Nxd5 Bxd5 19.Rxd5 Bxe3 20.Kh1 Rxf2 21.Qh5 Qg6
22.Qh3 {#R} 0-1

[Event "It"]
[Site "masterchessopen.com – Kragujevac (Yugoslavia)"]
[Round "0"]
[White "Sekulic Dusan (SRB)"]
[Black "Milicevic Miodrag (SRB)"]
[Result "1-0"]
[WhiteElo "2335"]
[BlackElo "2290"]

1.d4 Nf6 2.c4 e6 3.Nf3 b6 4.e3 Bb7 5.Nbd2 c5 6.Bd3 Be7 7.O-O O-O 8.b3 d6 9.Bb2
Nbd7 10.Qe2 Qc7 11.Rad1 Rfe8 12.Ng5 h6 13.f4 d5 14.Ngf3 Ne4 15.Ne5 Nxd2
16.Rxd2 Nf6 17.a3 Rad8 18.dxc5 dxc4 19.Nxc4 Qxc5 20.Ne5 Nd5 21.Bd4 Qd6 22.Qh5
Rf8 23.Ng4 Nxf4 24.Nxh6+ {#r} 1-0

[Event "Ch Portugal"]
[Site "masterchessopen.com – Lisbon (Portugal)"]
[Round "8"]
[White "Damaso Rui (POR)"]
[Black "Reis Luis Sousa (POR)"]
[Result "1-0"]
[WhiteElo "2405"]
[BlackElo "2175"]

1.d4 Nf6 2.c4 e6 3.Nf3 b6 4.e3 Bb7 5.Bd3 Be7 6.O-O O-O 7.Nc3 d6 8.e4 Nbd7 9.d5
e5 10.Rb1 Kh8 11.b4 a5 12.a3 Bc8 13.Na4 Nh5 14.Re1 g6 15.g3 Qe8 16.Nc3 f5
17.exf5 gxf5 18.Nb5 Qd8 19.Bb2 Ng7 20.Qd2 Bf6 21.Qh6 axb4 22.axb4 Ra2 23.Nc3
Rxb2 24.Rxb2 e4 25.Nxe4 Bxb2 26.Nfg5 {#r} 1-0

[Event "Ch Moscow (open)"]
[Site "masterchessopen.com – Moscow (Russia)"]
[Round "2"]
[White "Notkin Maksim (RUS)"]
[Black "Dvalishvili Pavel S (RUS)"]
[Result "1-0"]
[WhiteElo "2520"]
[BlackElo "2360"]

1.d4 Nf6 2.c4 e6 3.Nf3 b6 4.e3 Bb7 5.Bd3 Bb4+ 6.Nbd2 c5 7.a3 Bxd2+ 8.Bxd2 Ne4
9.Bxe4 Bxe4 10.Bc3 d5 11.dxc5 bxc5 12.Nd2 Bxg2 13.Qa4+ ( 13.Rg1 d4 { ! } )
13...Kf8 ( 13...Qd7 14.Qxd7+ Nxd7 15.Rg1 Be4 16.Rxg7 { ± } ) 14.Rg1 d4 15.exd4
Bc6 16.Qd1 cxd4 17.Bb4+ Kg8 { ? } 18.Rxg7+ { ! } 18...Kxg7 19.Qg4+ Kf6 (
19...Kh6 20.Ne4 { ? ?d2+?? } ) 20.Qh4+ Kf5 21.Be7 { ! } {#r} 1-0

[Event "It (a)"]
[Site "masterchessopen.com – Mravinci (Croatia)"]
[Round "0"]
[White "Sale Srdjan (CRO)"]
[Black "Shariyazdanov Andrey (RUS)"]
[Result "0-1"]
[WhiteElo "2445"]
[BlackElo "2475"]

1.d4 Nf6 2.Nf3 e6 3.c4 b6 4.e3 Bb7 5.Bd3 d5 6.O-O Bd6 7.Nc3 O-O 8.b3 Nbd7
9.Bb2 a6 10.Qe2 Ne4 11.Rfd1 f5 12.Rac1 Qe7 13.Rc2 Rf6 14.Na4 Rh6 15.Ne5 dxc4
16.bxc4 Bxe5 17.dxe5 Qh4 18.h3 Ng5 19.Qf1 b5 20.Be2 Qe4 21.f4 Nxh3+ 22.gxh3
Rg6+ 23.Kf2 Qxc2 24.Rxd7 Rg2+ 25.Ke1 bxa4 26.Rd2 Qb1+ {#R} 0-1

[Event "It"]
[Site "masterchessopen.com – Reggio Emilia (Italy)"]
[Round "0"]
[White "Garcia Palermo Carlos (ITA)"]
[Black "Tatai Stefano (ITA)"]
[Result "1-0"]
[WhiteElo "2505"]
[BlackElo "2435"]

1.d4 Nf6 2.c4 e6 3.Nf3 b6 4.e3 Bb7 5.Bd3 d5 6.O-O dxc4 7.Bxc4 Be7 8.Qe2 O-O
9.Rd1 Qc8 10.Nc3 c5 11.e4 cxd4 12.Nxd4 Nc6 13.Nf3 a6 14.Bd3 Nb4 15.Bg5 Nxd3
16.Rxd3 Rd8 17.e5 {#r} 1-0

[Event "It (open) \"]
[Site "masterchessopen.com – San Luis (Argentina)"]
[Round "2"]
[White "Rodriguez Jorge Luis (ARG)"]
[Black "Zarnicki Pablo (ARG)"]
[Result "0-1"]
[WhiteElo "2395"]
[BlackElo "2570"]

1.d4 Nf6 2.c4 e6 3.Nf3 b6 4.e3 Bb7 5.Bd3 d5 6.O-O Bd6 7.b3 O-O 8.Bb2 Ne4
9.Nbd2 Nd7 10.Rc1 f5 11.Ne5 Bxe5 12.dxe5 Ndc5 13.Nxe4 dxe4 14.Be2 Qg5 15.Qe1
f4 16.exf4 Rxf4 17.Qc3 Nd3 18.Rc2 Raf8 19.Bc1 Nxc1 20.Rcxc1 e3 21.f3 Bxf3
22.Bxf3 Rxf3 23.Rxf3 Rxf3 24.Rf1 Rxf1+ 25.Kxf1 Qf4+ {#R} 0-1

[Event "It (open)"]
[Site "masterchessopen.com – Veszprem (Hungary)"]
[Round "0"]
[White "Papp Zsolt (HUN)"]
[Black "Bauman Tibor (HUN)"]
[Result "1-0"]
[WhiteElo "2126"]
[BlackElo "2070"]

1.d4 Nf6 2.c4 e6 3.Nf3 b6 4.e3 Bb7 5.Bd3 Bb4+ 6.Bd2 a5 7.O-O O-O 8.a3 Be7
9.Nc3 d5 10.cxd5 exd5 11.Qc2 c5 12.Ne5 Nbd7 13.f4 Rc8 14.Nxd7 Nxd7 15.Bxh7+
Kh8 16.Bf5 cxd4 17.exd4 Bf6 18.Qd3 g6 19.Qh3+ Kg7 20.Bxd7 Bxd4+ 21.Kh1 Rc7
22.Qd3 Qf6 23.Bh3 Rh8 24.f5 Qh4 25.Rf4 {#r} 1-0

[Event "Ch Europe (juniors) (under 20) (g)"]
[Site "masterchessopen.com – Zanka (Hungary)"]
[Round "8"]
[White "Benderac Ana (SRB)"]
[Black "Ferkingstad Gro (NOR)"]
[Result "1-0"]
[WhiteElo "2135"]
[BlackElo "2053"]

1.d4 Nf6 2.c4 e6 3.Nf3 b6 4.e3 Bb7 5.Be2 d6 6.Nc3 Nbd7 7.O-O Be7 8.Qc2 O-O
9.e4 c5 10.e5 Ne8 11.Rd1 cxd4 12.Rxd4 Qc7 13.Bd3 dxe5 14.Nb5 Qc8 15.Rxd7 Qxd7
16.Nxe5 Qd8 17.Bxh7+ Kh8 18.Bf4 Bg5 19.Rd1 Qe7 20.Rd7 Qf6 21.Bg3 Bc8 22.Be4
Bf4 23.Bxf4 Qxf4 24.Rxf7 Rxf7 25.Ng6+ {#r} 1-0

[Event "It (open) \"]
[Site "masterchessopen.com – Berlin (Germany)"]
[Round "0"]
[White "Delander Adolf (GER)"]
[Black "Brodsky Michail (UKR)"]
[Result "0-1"]
[WhiteElo "2330"]
[BlackElo "2510"]

1.d4 Nf6 2.Nf3 e6 3.c4 b6 4.e3 Bb7 5.Bd3 d5 6.O-O Nbd7 7.Nbd2 Bb4 8.a3 Bxd2
9.Bxd2 O-O 10.b4 c5 11.cxd5 Bxd5 12.Rc1 cxd4 13.exd4 Rc8 14.Qe2 Qe7 15.Be3 Qd6
16.Nd2 a5 17.bxa5 Rxc1 18.Rxc1 Qxa3 19.Nc4 Bxc4 20.Bxc4 bxa5 21.h3 Nb6 22.Bb5
Nfd5 23.Bd2 a4 24.Qd1 Qb2 {#R} 0-1

[Event "It (a)"]
[Site "masterchessopen.com – Budapest (Hungary)"]
[Round "5"]
[White "Lukacs Peter (HUN)"]
[Black "Breyther Ruediger (GER)"]
[Result "1-0"]
[WhiteElo "2475"]
[BlackElo "2425"]

1.d4 Nf6 2.c4 e6 3.Nf3 b6 4.e3 Bb7 5.Bd3 d5 6.O-O Bd6 7.Nc3 O-O 8.b3 Nbd7
9.Bb2 a6 10.Rc1 Qe7 11.Na4 dxc4 12.bxc4 c5 13.Ne5 cxd4 14.exd4 Bxe5 15.dxe5
Ne4 16.Qg4 Nec5 17.Nxc5 Nxc5 18.Bc2 Bc6 19.Rfe1 Ba4 20.Bb1 Rad8 21.Rc3 g6
22.Rec1 Rd7 23.Qf4 h5 24.Qh6 Rd1+ 25.Rxd1 Bxd1 26.f3 {#r} 1-0

[Event "Ch World (juniors) (under 14)"]
[Site "masterchessopen.com – Cala Galdana (Spain)"]
[Round "7"]
[White "Siegel Noah J (USA)"]
[Black "Ermekov Almas (KAZ)"]
[Result "1-0"]
[WhiteElo "2240"]
[BlackElo "2260"]

1.d4 Nf6 2.Nf3 e6 3.c4 b6 4.e3 Bb7 5.Bd3 Be7 6.O-O O-O 7.Nc3 d5 8.cxd5 exd5
9.b3 c5 10.Bb2 Nc6 11.dxc5 bxc5 12.Rc1 Nb4 13.Bf5 Ne4 14.a3 Nxc3 15.Rxc3 Nc6
16.Rd3 Na5 17.Ne5 Bf6 18.e4 Qc7 19.Bxh7+ Kxh7 20.Qh5+ Kg8 21.Rh3 {#r} 1-0

[Event "Ch Iceland (team) 1995/96"]
[Site "masterchessopen.com – Gardabaer (Iceland)"]
[Round "0"]
[White "Thorsteins Karl (ISL)"]
[Black "Teitsson Magnus (ISL)"]
[Result "1-0"]
[WhiteElo "2495"]
[BlackElo "2205"]

1.d4 Nf6 2.c4 e6 3.Nf3 b6 4.e3 Bb7 5.Bd3 d5 6.O-O Nbd7 7.Nc3 Bd6 8.cxd5 exd5
9.Qc2 a6 10.e4 dxe4 11.Nxe4 Bxe4 12.Bxe4 Rb8 13.Bg5 Qc8 14.Bf5 Qb7 15.Rfe1+
Kf8 16.Ne5 h6 17.Bh4 c5 18.Nxf7 Kxf7 19.Be6+ Ke7 20.Bd5+ Kd8 21.Bxb7 Rxb7
22.dxc5 Bxc5 23.b4 {#r} 1-0

[Event "It (open)"]
[Site "masterchessopen.com – Litomysl (Czech Republic)"]
[Round "2"]
[White "Ulak Slawomir (POL)"]
[Black "Kozak Petr (CZE)"]
[Result "1-0"]
[WhiteElo "2310"]
[BlackElo "2133"]

1.d4 Nf6 2.c4 e6 3.Nf3 b6 4.e3 Bb7 5.Bd3 Ne4 6.O-O f5 7.Nfd2 Qh4 8.Nxe4 fxe4
9.g3 Qh3 10.Be2 h5 11.Nc3 d6 12.d5 Nd7 13.Nxe4 Be7 14.f4 O-O-O 15.Bf3 Kb8
16.b4 exd5 17.cxd5 Qf5 18.Nf2 Bf6 19.Be4 {#r} 1-0

[Event "It (cat.4)"]
[Site "masterchessopen.com – Argenteuil (France)"]
[Round "3"]
[White "Silva Sebastain (CHI)"]
[Black "Hartereau Philippe (FRA)"]
[Result "1-0"]
[WhiteElo "2320"]
[BlackElo "2161"]

1.d4 Nf6 2.Nf3 e6 3.c4 b6 4.e3 Bb7 5.Bd3 d5 6.b3 Nbd7 7.O-O Be7 8.Bb2 O-O
9.Qe2 c5 10.Nc3 a6 11.Rfd1 dxc4 12.bxc4 Qc7 13.d5 exd5 14.Nxd5 Nxd5 15.cxd5
Bxd5 16.Bxh7+ Kxh7 17.Rxd5 Kg8 18.Ng5 Nf6 19.Rf5 Qc6 20.Qc4 g6 21.Rxf6 {#r}
1-0

[Event "It (open)"]
[Site "masterchessopen.com – Balatonbereny (Hungary)"]
[Round "4"]
[White "Lukacs Peter (HUN)"]
[Black "Pergel Laszlo (HUN)"]
[Result "1-0"]
[WhiteElo "2520"]
[BlackElo "2245"]

1.d4 Nf6 2.c4 e6 3.Nf3 b6 4.e3 Bb7 5.Bd3 c5 6.Nc3 cxd4 7.exd4 Be7 8.O-O d5
9.cxd5 Nxd5 10.Ne5 O-O 11.Qg4 Nf6 12.Qg3 Nbd7 13.Rd1 Re8 14.Bh6 Nh5 15.Qh3 g6
16.Bb5 Ndf6 17.Bxe8 Qxe8 18.Bg5 Nd5 19.Nxd5 Bxg5 20.Nc7 Qd8 21.Nxe6 Qf6
22.Nxg5 Qxg5 23.Qg4 Qf6 24.Qd7 {#r} 1-0

[Event "It (open)"]
[Site "masterchessopen.com – Dieren (Netherlands)"]
[Round "0"]
[White "Golod Vitali (ISR)"]
[Black "Janssen Ruud (NED)"]
[Result "1-0"]
[WhiteElo "2515"]
[BlackElo "2330"]

1.d4 Nf6 2.c4 e6 3.Nf3 b6 4.e3 Bb7 5.Bd3 c5 6.O-O Be7 7.Nc3 cxd4 8.exd4 d5
9.cxd5 Nxd5 10.Ne5 O-O 11.Qh5 Nf6 12.Qh4 Nc6 13.Bg5 g6 14.Ba6 {#r} 1-0

[Event "It (open)"]
[Site "masterchessopen.com – Dieren (Netherlands)"]
[Round "0"]
[White "Safin Shukhrat (UZB)"]
[Black "Janssen Ruud (NED)"]
[Result "1-0"]
[WhiteElo "2510"]
[BlackElo "2330"]

1.d4 Nf6 2.Nf3 e6 3.c4 b6 4.e3 Bb7 5.Bd3 c5 6.O-O g6 7.Nc3 Bg7 8.d5 exd5
9.cxd5 Nxd5 10.Nb5 O-O 11.Nd6 Bc6 12.e4 Nc7 13.Bg5 Bf6 14.Qd2 Ne8 15.Nxe8 Rxe8
16.Qf4 Bxg5 17.Nxg5 f6 18.Bc4+ Kg7 19.Nf7 g5 20.Qg3 Qe7 21.Nd6 Bxe4 22.Rae1
{#r} 1-0

[Event "Ch Croatia (team) (1st league)"]
[Site "masterchessopen.com – Medulin (Croatia)"]
[Round "0"]
[White "Kovacevic Blazimir (CRO)"]
[Black "Nikolac Juraj (CRO)"]
[Result "1-0"]
[WhiteElo "2340"]
[BlackElo "2470"]

1.d4 Nf6 2.Nf3 e6 3.c4 b6 4.e3 Bb7 5.Bd3 Be7 6.O-O O-O 7.Nc3 d5 8.b3 c5 9.Bb2
cxd4 10.exd4 Nc6 11.Rc1 Rc8 12.Re1 Re8 13.cxd5 Nxd5 14.Nxd5 Qxd5 15.Be4 Qd6
16.d5 exd5 17.Qxd5 Na5 18.Rxc8 Rxc8 19.Bxh7+ Kxh7 20.Ng5+ Kh6 21.Qxf7 Kxg5
22.Qxg7+ {#r} 1-0

[Event "It (open)"]
[Site "masterchessopen.com – Vammala (Finland)"]
[Round "2"]
[White "Taivainen Jukka (FIN)"]
[Black "Vesalainen Petteri (FIN)"]
[Result "1-0"]
[WhiteElo "2262"]
[BlackElo "2191"]

1.d4 Nf6 2.c4 e6 3.Nf3 b6 4.e3 Bb7 5.Bd3 Bb4+ 6.Nbd2 Ne4 7.O-O f5 8.Qc2 Bxd2
9.Nxd2 Nxd2 10.Bxd2 c5 11.d5 exd5 12.cxd5 Bxd5 13.Bxf5 Nc6 14.Bc3 Qe7 15.Rfd1
Be6 16.Qe4 O-O 17.Bxh7+ Kh8 18.Bg6 Rad8 19.Rd6 Bf5 20.Bxf5 Rxf5 21.Rh6+ {#r}
1-0

[Event "It (open)"]
[Site "masterchessopen.com – Vitinia (Italy)"]
[Round "4"]
[White "Palombi Roberto (ITA)"]
[Black "Di Lascio Savino (ITA)"]
[Result "0-1"]
[WhiteElo "2040"]
[BlackElo "1965"]

1.d4 Nf6 2.Nf3 b6 3.c4 e6 4.e3 Bb7 5.Be2 Be7 6.Nc3 O-O 7.O-O d5 8.Ne5 Nbd7
9.f4 dxc4 10.Bxc4 Nxe5 11.fxe5 Ne4 12.Bd2 Nxd2 13.Qxd2 c5 14.Rad1 Rc8 15.Qe2
Qc7 16.Bd3 Rcd8 17.Bb1 Rd7 18.Rf4 Bg5 19.Rg4 Qd8 {#R} 0-1

[Event "It (cat.7)"]
[Site "masterchessopen.com – Gyula (Hungary)"]
[Round "5"]
[White "Turzo Attila (HUN)"]
[Black "Jagodzinski Andreas (GER)"]
[Result "1-0"]
[WhiteElo "2345"]
[BlackElo "2215"]

1.d4 Nf6 2.c4 e6 3.Nf3 b6 4.e3 Bb7 5.Bd3 d5 6.O-O Bd6 7.Nc3 Nbd7 8.Re1 O-O
9.e4 dxe4 10.Nxe4 Be7 11.Nc3 Re8 12.Bf4 Bd6 13.Ne5 a6 14.Qe2 Qe7 15.Bg5 Qf8
16.Rad1 c5 17.Ne4 Be7 18.Bxf6 Nxf6 19.Ng5 cxd4 20.Nxh7 {#r} 1-0

[Event "Ch Germany (juniors) (under 13)"]
[Site "masterchessopen.com – Oberhof (Germany)"]
[Round "2"]
[White "Gruener Sven (GER)"]
[Black "Seifert Volker (GER)"]
[Result "0-1"]
[WhiteElo "2112"]
[BlackElo "2319"]

1.d4 e6 2.c4 Nf6 3.Nf3 b6 4.e3 Bb7 5.Be2 Be7 6.O-O O-O 7.Nc3 d5 8.b3 c5 9.Bb2
Nc6 10.Rc1 dxc4 11.dxc5 cxb3 12.Qxb3 Bxc5 13.Rfd1 Qe7 14.Na4 Na5 15.Qc3 Bb4
16.Qc7 Rac8 17.Qxe7 Bxe7 18.Ne5 Rfd8 19.Nc3 Rxd1+ 20.Rxd1 Nd5 21.Rc1 Bf6 22.f4
Nxe3 23.Kf2 Nxg2 24.Nf3 {#R} 0-1